| 000 | 01515cam a2200253Ii 4500 | ||
|---|---|---|---|
| 020 | _a9781465480125 | ||
| 020 | _a1465480129 | ||
| 040 | _cYDX | ||
| 082 | 0 | 4 | _a631 PRE 1990 C159 Or. |
| 245 | 0 | 0 | _aPropagating plants / |
| 246 | 1 | 4 |
_aPropagating plants : _bhow to create new plants for free |
| 250 | _aRevised new edition. | ||
| 250 | _aAmerican edition. | ||
| 300 |
_a320 pages : _bcolor illustrations ; _c27 cm |
||
| 500 | _aPrevious edition: 2006. First American edition published as: Plant propagation / American Horticulture Society. New York : DK Publishing, 1999. | ||
| 500 | _aIncludes index. | ||
| 520 | _aHow long do your seedlings need to germinate? What makes a healthy stem cutting? How do you know what type of rootstock to use when grafting plants? Find all the answers within, alongside more than 1,800 detailed illustrations and photos to refer to, plus the experts' secrets to perfect plant propagation. Ideal for the thrifty gardener who wants plants for free, or who wants to gift favorite plant cuttings to friends and family; and useful for budding house plant owners with an interest in propagating succulents and other house plants. Fill your garden with beautiful plants for next-to-nothing with this brand new edition of the most comprehensive guide to propagating plants ever published. | ||
| 650 | 0 | _aPlant propagation. | |
| 650 | 0 | _aGardening. | |
| 700 | 1 | _aToogood, Alan R., | |
| 700 | 1 | _aAnderson, Peter, | |
| 710 | 2 | _aAmerican Horticultural Society, | |
| 942 | _cAEDBB | ||
| 999 |
_c19056 _d19056 |
||